000 00804nac a22002411u 4500
010 _a013353939
020 _a9780077108137 (pbk.)
022 _a0077108132 (pbk.)
082 _a338.5
_bRIC
090 _c9040
_d9040
100 _aRickard, Séan.
245 _aThe economics of organizations and strategy /
_cSean Rickard.
260 _aMaidenhead :
_bMcGraw-Hill Education, c2006.
_cc2006.
300 _axxii, 573 p. :
_b ill. ;
_c25 cm.
500 _aFormerly CIP. Uk
500 _aDistributer: Baccah.
504 _aIncludes bibliographical references and index.
511 _aCatalogued By: Mahitab.
650 _aBusiness enterprises.
650 _aBusiness planning -- Economic aspects.
650 _aMicroeconomics.
942 _cBB
_k338.5RIC
999 _c9040
_d9040